Loading...
| Religion | 0 | 5 | 0 | 0 | 50 | 80 | 105.80 | 0 | 2 |
| Philosophy | 0 | 5 | 1 | 2 | 45 | 70 | 113.20 | 1 | 1 |
| Literature - British Literature | 0 | 4 | 0 | 0 | 40 | 55 | 101.00 | 0 | 2 |
| Fine Arts - Other Fine Arts | 0 | 4 | 0 | 0 | 40 | 75 | 120.00 | 1 | 1 |
| Fine Arts - Classical Music | 0 | 4 | 1 | 0 | 35 | 79 | 111.25 | 0 | 2 |
| Mythology | 0 | 4 | 1 | 2 | 35 | 78 | 111.75 | 0 | 1 |
| Social Science | 0 | 3 | 0 | 0 | 30 | 65 | 83.67 | 0 | 1 |
| Fine Arts - Visual Fine Arts | 0 | 3 | 0 | 0 | 30 | 101 | 109.67 | 0 | 1 |
| History - American History | 0 | 3 | 0 | 3 | 30 | 129 | 130.67 | 0 | 0 |
| History - World History | 0 | 3 | 0 | 1 | 30 | 66 | 106.33 | 0 | 0 |
| Literature - World/Other Literature | 0 | 3 | 0 | 0 | 30 | 137 | 141.00 | 0 | 0 |
| Science - Other Science | 0 | 3 | 0 | 1 | 30 | 122 | 125.00 | 0 | 1 |
| History - Other History | 0 | 3 | 1 | 1 | 25 | 44 | 75.33 | 1 | 1 |
| Geography/Current Events | 0 | 2 | 0 | 0 | 20 | 70 | 74.50 | 0 | 1 |
| Literature - European Literature | 0 | 2 | 0 | 0 | 20 | 126 | 130.00 | 0 | 0 |
| History - European History | 0 | 2 | 2 | 0 | 10 | 83 | 87.50 | 0 | 2 |
| Literature - American Literature | 0 | 1 | 0 | 0 | 10 | 63 | 63.00 | 0 | 1 |
| Science - Chemistry | 0 | 1 | 0 | 0 | 10 | 126 | 126.00 | 0 | 0 |
| Science - Biology | 0 | 1 | 1 | 0 | 5 | 109 | 109.00 | 0 | 0 |
| Science - Physics | 0 | 1 | 2 | 1 | 0 | 116 | 116.00 | 0 | 0 |
| Other Academic | 0 | 0 | 1 | 0 | -5 | 0.00 | 0 | 0 |